000
00321nam a2200109Ia 4500
008
230724s2007 xx und d
041
_a
eng
100
_a
MITTAL A.K.
245
_a
ELECTRICAL AND MCHANICAL SERVICES IN HIGH RISE BUILDINGS DESIGN AND ESTIMATION MANUAL
260
_b
C.B.S. PUBLISERS
_c
2007
300
_a
162
999
_c
1176695
_d
1176695